000 00564nam a2200229Ia 4500
003 OSt
005 20220912153048.0
006 a|||||r|||| 00| 0
007 ta
008 220909b |||||||| |||| 00| 0 eng d
024 _a22856
037 _cTextual
040 _aCSL
_beng
_cCSL
041 _aeng
082 _aY:1:5.663, L5
100 _aCleland Charles E Ed.
245 0 _aCultural change and continuity
260 _c1976
300 _ap.
_ccm.
942 _hY:1:5.663, L5
_cTEXL
_2CC
999 _c97518
_d97518